<?xml version="1.0" encoding="UTF-8"?>
<record
    xmlns:xsi="http://www.w3.org/2001/XMLSchema-instance"
    xsi:schemaLocation="http://www.loc.gov/MARC21/slim http://www.loc.gov/standards/marcxml/schema/MARC21slim.xsd"
    xmlns="http://www.loc.gov/MARC21/slim">

  <leader>02437nam a22005177a 4500</leader>
  <datafield tag="999" ind1=" " ind2=" ">
    <subfield code="c">12632</subfield>
    <subfield code="d">12632</subfield>
  </datafield>
  <controlfield tag="003">EG-ScBUE</controlfield>
  <controlfield tag="005">20210220100702.0</controlfield>
  <controlfield tag="008">090818s2005    ua     f      000 d ara d</controlfield>
  <datafield tag="017" ind1=" " ind2=" ">
    <subfield code="a">2005/12576</subfield>
  </datafield>
  <datafield tag="040" ind1=" " ind2=" ">
    <subfield code="a">EG-ScBUE</subfield>
    <subfield code="b">ara</subfield>
    <subfield code="e">rda</subfield>
    <subfield code="c">EG-ScBUE</subfield>
    <subfield code="d">EG-ScBUE</subfield>
  </datafield>
  <datafield tag="082" ind1="0" ind2="4">
    <subfield code="a">892.720080962</subfield>
    <subfield code="b">&#x645; &#x633; &#x631;</subfield>
    <subfield code="2">22</subfield>
  </datafield>
  <datafield tag="245" ind1="0" ind2="0">
    <subfield code="a">&#x645;&#x633;&#x631;&#x62D;&#x64A;&#x627;&#x62A; &#x645;&#x635;&#x631;&#x64A;&#x629;.</subfield>
  </datafield>
  <datafield tag="264" ind1=" " ind2="1">
    <subfield code="a">&#x627;&#x644;&#x642;&#x627;&#x647;&#x631;&#x629; :</subfield>
    <subfield code="b">&#x627;&#x644;&#x647;&#x64A;&#x626;&#x629; &#x627;&#x644;&#x639;&#x627;&#x645;&#x629; &#x644;&#x642;&#x635;&#x648;&#x631; &#x627;&#x644;&#x62B;&#x642;&#x627;&#x641;&#x629;&#x60C;</subfield>
    <subfield code="c">2005.</subfield>
  </datafield>
  <datafield tag="300" ind1=" " ind2=" ">
    <subfield code="a">3 &#x645;&#x62C;&#x644;&#x62F;&#x627;&#x62A; &#x61B;</subfield>
    <subfield code="c">24 &#x633;&#x645;.</subfield>
  </datafield>
  <datafield tag="336" ind1=" " ind2=" ">
    <subfield code="2">rdacontent</subfield>
    <subfield code="a">&#x646;&#x635;</subfield>
    <subfield code="b">txt</subfield>
  </datafield>
  <datafield tag="337" ind1=" " ind2=" ">
    <subfield code="2">rdamedia</subfield>
    <subfield code="a">&#x628;&#x62F;&#x648;&#x646; &#x648;&#x633;&#x64A;&#x637;</subfield>
    <subfield code="b">n</subfield>
  </datafield>
  <datafield tag="338" ind1=" " ind2=" ">
    <subfield code="2">rdacarrier</subfield>
    <subfield code="a">&#x645;&#x62C;&#x644;&#x62F;</subfield>
    <subfield code="b">nc</subfield>
  </datafield>
  <datafield tag="490" ind1="0" ind2=" ">
    <subfield code="a">&#x62F;&#x644;&#x64A;&#x644; &#x627;&#x644;&#x646;&#x635;&#x648;&#x635;</subfield>
    <subfield code="v">20, 21, 23</subfield>
  </datafield>
  <datafield tag="505" ind1=" " ind2=" ">
    <subfield code="a">&#x627;&#x644;&#x645;&#x62D;&#x62A;&#x648;&#x64A;&#x627;&#x62A; : </subfield>
    <subfield code="g">20</subfield>
    <subfield code="t">&#x648;&#x642;&#x62A; &#x633;&#x64A;&#x649;&#x621; &#x64A;&#x627; &#x639;&#x644;&#x64A; /</subfield>
    <subfield code="r">&#x623;&#x62D;&#x645;&#x62F; &#x627;&#x644;&#x635;&#x639;&#x64A;&#x62F;&#x64A;</subfield>
  </datafield>
  <datafield tag="505" ind1=" " ind2=" ">
    <subfield code="g">20</subfield>
    <subfield code="t">&#x633;&#x631; &#x627;&#x644;&#x648;&#x644;&#x62F; /</subfield>
    <subfield code="r">&#x623;&#x634;&#x631;&#x641; &#x639;&#x62A;&#x631;&#x64A;&#x633;</subfield>
  </datafield>
  <datafield tag="505" ind1=" " ind2=" ">
    <subfield code="g">20</subfield>
    <subfield code="t">&#x623;&#x628;&#x648; &#x639;&#x62C;&#x648;&#x632; &#x633;&#x644;&#x637;&#x627;&#x646; &#x62D;&#x627;&#x626;&#x631; /</subfield>
    <subfield code="r">&#x62F;&#x631;&#x648;&#x64A;&#x634; &#x627;&#x644;&#x623;&#x633;&#x64A;&#x648;&#x637;&#x64A;</subfield>
  </datafield>
  <datafield tag="505" ind1=" " ind2=" ">
    <subfield code="g">20</subfield>
    <subfield code="t"> /&#x627;&#x644;&#x634;&#x627;&#x637;&#x631;. &#x633;&#x62A; &#x627;&#x644;&#x62D;&#x633;&#x646;</subfield>
    <subfield code="r">&#x633;&#x627;&#x645;&#x62D; &#x645;&#x647;&#x631;&#x627;&#x646;</subfield>
  </datafield>
  <datafield tag="505" ind1=" " ind2=" ">
    <subfield code="g">20</subfield>
    <subfield code="t">&#x627;&#x628;&#x646; &#x633;&#x628;&#x639;&#x629; /</subfield>
    <subfield code="r">&#x641;&#x62A;&#x62D;&#x64A; &#x627;&#x644;&#x643;&#x648;&#x641;&#x64A;</subfield>
  </datafield>
  <datafield tag="505" ind1=" " ind2=" ">
    <subfield code="g">20</subfield>
    <subfield code="t">&#x644;&#x627;&#x645;&#x628;&#x648; /</subfield>
    <subfield code="r">&#x645;&#x62D;&#x645;&#x62F; &#x623;&#x645;&#x64A;&#x646;</subfield>
  </datafield>
  <datafield tag="505" ind1=" " ind2=" ">
    <subfield code="g">20</subfield>
    <subfield code="t">&#x643;&#x62F;&#x628;&#x629; &#x645;&#x646; &#x623;&#x644;&#x641; &#x643;&#x62F;&#x628;&#x629; /</subfield>
    <subfield code="r">&#x645;&#x62D;&#x645;&#x62F; &#x627;&#x644;&#x642;&#x648;&#x627;&#x634;&#x637;&#x64A;</subfield>
  </datafield>
  <datafield tag="505" ind1=" " ind2=" ">
    <subfield code="g">20</subfield>
    <subfield code="t">&#x644;&#x64A;&#x644;&#x629; &#x627;&#x644;&#x646;&#x64A;&#x631;&#x648;&#x632; /</subfield>
    <subfield code="r">&#x645;&#x62D;&#x645;&#x62F; &#x632;&#x647;&#x62F;&#x64A;</subfield>
  </datafield>
  <datafield tag="505" ind1=" " ind2=" ">
    <subfield code="g">20</subfield>
    <subfield code="t">&#x623;&#x631;&#x636; &#x627;&#x644;&#x644;&#x647; /</subfield>
    <subfield code="r">&#x645;&#x62D;&#x645;&#x62F; &#x639;&#x628;&#x62F; &#x627;&#x644;&#x62D;&#x627;&#x641;&#x638;</subfield>
  </datafield>
  <datafield tag="505" ind1=" " ind2=" ">
    <subfield code="a">&#x627;&#x644;&#x645;&#x62D;&#x62A;&#x648;&#x64A;&#x627;&#x62A;</subfield>
    <subfield code="g">21</subfield>
    <subfield code="t">&#x643;&#x644;&#x627;&#x645; &#x62C;&#x631;&#x627;&#x64A;&#x62F;&#x64A;&#x643;&#x627; /</subfield>
    <subfield code="r">&#x623;&#x62D;&#x645;&#x62F; &#x627;&#x644;&#x645;&#x63A;&#x627;&#x632;&#x64A;</subfield>
  </datafield>
  <datafield tag="505" ind1=" " ind2=" ">
    <subfield code="g">21</subfield>
    <subfield code="t">&#x627;&#x644;&#x64A;&#x648;&#x645; &#x627;&#x644;&#x623;&#x62E;&#x64A;&#x631; /</subfield>
    <subfield code="r">&#x62C;&#x645;&#x627;&#x644; &#x639;&#x627;&#x64A;&#x62F;</subfield>
  </datafield>
  <datafield tag="505" ind1=" " ind2=" ">
    <subfield code="g">21</subfield>
    <subfield code="t">&#x623;&#x635;&#x644; &#x648;&#x639;&#x641;&#x631;&#x64A;&#x62A; /</subfield>
    <subfield code="r">&#x645;&#x62A;&#x648;&#x644;&#x64A; &#x62D;&#x627;&#x645;&#x62F;</subfield>
  </datafield>
  <datafield tag="505" ind1=" " ind2=" ">
    <subfield code="g">21</subfield>
    <subfield code="t">&#x644;&#x64A;&#x644;&#x629; &#x62C;&#x648;&#x627;&#x632; &#x645;&#x62A;&#x648;&#x644;&#x64A; /</subfield>
    <subfield code="r">&#x645;&#x62D;&#x645;&#x648;&#x62F; &#x639;&#x628;&#x62F; &#x627;&#x644;&#x644;&#x647;</subfield>
  </datafield>
  <datafield tag="505" ind1=" " ind2=" ">
    <subfield code="g">21</subfield>
    <subfield code="t">&#x628;&#x627;&#x628; &#x627;&#x644;&#x645;&#x62F;&#x64A;&#x646;&#x629; /</subfield>
    <subfield code="r">&#x645;&#x62D;&#x633;&#x646; &#x645;&#x635;&#x64A;&#x644;&#x62D;&#x64A;</subfield>
  </datafield>
  <datafield tag="505" ind1=" " ind2=" ">
    <subfield code="a">&#x627;&#x644;&#x645;&#x62D;&#x62A;&#x648;&#x64A;&#x627;&#x62A; :</subfield>
    <subfield code="g">23</subfield>
    <subfield code="t">&#x645;&#x639;&#x628;&#x62F; &#x627;&#x644;&#x632;&#x647;&#x648;&#x631; /</subfield>
    <subfield code="r">&#x633;&#x64A;&#x62F; &#x627;&#x644;&#x625;&#x645;&#x627;&#x645;</subfield>
  </datafield>
  <datafield tag="505" ind1=" " ind2=" ">
    <subfield code="g">23</subfield>
    <subfield code="t">&#x643;&#x631;&#x633;&#x64A; &#x627;&#x644;&#x62D;&#x643;&#x648;&#x645;&#x629; /</subfield>
    <subfield code="r">&#x627;&#x644;&#x633;&#x64A;&#x62F; &#x627;&#x644;&#x634;&#x648;&#x631;&#x628;&#x62C;&#x64A;</subfield>
  </datafield>
  <datafield tag="505" ind1=" " ind2=" ">
    <subfield code="g">23</subfield>
    <subfield code="t">&#x64A;&#x627; &#x635;&#x628;&#x631; &#x623;&#x64A;&#x648;&#x628; /</subfield>
    <subfield code="r">&#x64A;&#x633; &#x627;&#x644;&#x636;&#x648;&#x649;</subfield>
  </datafield>
  <datafield tag="505" ind1=" " ind2=" ">
    <subfield code="g">23</subfield>
    <subfield code="t">&#x645;&#x627;&#x633;&#x643; &#x627;&#x644;&#x647;&#x648;&#x627; &#x628;&#x625;&#x64A;&#x62F;&#x64A;&#x627; /</subfield>
    <subfield code="r">&#x62D;&#x645;&#x62F;&#x64A; &#x639;&#x64A;&#x62F;</subfield>
  </datafield>
  <datafield tag="505" ind1=" " ind2=" ">
    <subfield code="g">23</subfield>
    <subfield code="t">&#x642;&#x628;&#x644; &#x623;&#x646; &#x64A;&#x645;&#x648;&#x62A; &#x627;&#x644;&#x645;&#x644;&#x643; /</subfield>
    <subfield code="r">&#x645;&#x62D;&#x645;&#x62F; &#x633;&#x64A;&#x62F; &#x639;&#x645;&#x631;</subfield>
  </datafield>
  <datafield tag="505" ind1=" " ind2=" ">
    <subfield code="g">23</subfield>
    <subfield code="t">&#x627;&#x644;&#x647;&#x644;&#x627;&#x644;&#x64A; /</subfield>
    <subfield code="r">&#x628;&#x643;&#x631;&#x64A; &#x639;&#x628;&#x62F; &#x627;&#x644;&#x62D;&#x645;&#x64A;&#x62F;</subfield>
  </datafield>
  <datafield tag="505" ind1=" " ind2=" ">
    <subfield code="g">23</subfield>
    <subfield code="t">&#x62A;&#x645;&#x62B;&#x627;&#x644; &#x627;&#x644;&#x631;&#x62C;&#x644; &#x627;&#x644;&#x62D;&#x62F;&#x64A;&#x62F;&#x64A; /</subfield>
    <subfield code="r">&#x645;&#x62D;&#x645;&#x62F; &#x631;&#x634;&#x627;&#x62F;</subfield>
  </datafield>
  <datafield tag="505" ind1=" " ind2=" ">
    <subfield code="g">23</subfield>
    <subfield code="t">&#x62E;&#x645;&#x631; &#x648;&#x639;&#x633;&#x644; /</subfield>
    <subfield code="r">&#x623;&#x633;&#x627;&#x645;&#x629; &#x646;&#x648;&#x631;&#x627;&#x644;&#x62F;&#x64A;&#x646;</subfield>
  </datafield>
  <datafield tag="650" ind1=" " ind2="7">
    <subfield code="9">8024</subfield>
    <subfield code="a">&#x627;&#x644;&#x645;&#x633;&#x631;&#x62D;&#x64A;&#x627;&#x62A; &#x627;&#x644;&#x639;&#x631;&#x628;&#x64A;&#x629;</subfield>
    <subfield code="z">&#x645;&#x635;&#x631;</subfield>
    <subfield code="y">&#x642;&#x631;&#x646; 20.</subfield>
    <subfield code="2">BUEsh</subfield>
  </datafield>
  <datafield tag="651" ind1=" " ind2=" ">
    <subfield code="2">BUEsh</subfield>
  </datafield>
  <datafield tag="653" ind1=" " ind2=" ">
    <subfield code="b">ARALIT</subfield>
    <subfield code="c">February2021</subfield>
  </datafield>
  <datafield tag="655" ind1=" " ind2=" ">
    <subfield code="v">Reading book</subfield>
    <subfield code="9">34232</subfield>
  </datafield>
  <datafield tag="942" ind1=" " ind2=" ">
    <subfield code="2">ddc</subfield>
    <subfield code="c">BB</subfield>
  </datafield>
  <datafield tag="952" ind1=" " ind2=" ">
    <subfield code="0">0</subfield>
    <subfield code="1">0</subfield>
    <subfield code="2">ddc</subfield>
    <subfield code="4">0</subfield>
    <subfield code="7">0</subfield>
    <subfield code="8">Alef-Baa</subfield>
    <subfield code="a">MAIN</subfield>
    <subfield code="b">MAIN</subfield>
    <subfield code="c">2ND</subfield>
    <subfield code="d">2009-08-18</subfield>
    <subfield code="o">892.720080962 &#x645; &#x633; &#x631;</subfield>
    <subfield code="p">000017917</subfield>
    <subfield code="r">2025-07-15 00:00:00</subfield>
    <subfield code="y">BB</subfield>
    <subfield code="z">&#x645;&#x633;&#x631;&#x62D;&#x64A;&#x627;&#x62A; &#x645;&#x635;&#x631;&#x64A;&#x629; 21</subfield>
  </datafield>
  <datafield tag="952" ind1=" " ind2=" ">
    <subfield code="0">0</subfield>
    <subfield code="1">0</subfield>
    <subfield code="2">ddc</subfield>
    <subfield code="4">0</subfield>
    <subfield code="7">0</subfield>
    <subfield code="8">Alef-Baa</subfield>
    <subfield code="a">MAIN</subfield>
    <subfield code="b">MAIN</subfield>
    <subfield code="c">2ND</subfield>
    <subfield code="d">2009-08-25</subfield>
    <subfield code="o">892.720080962 &#x645; &#x633; &#x631;</subfield>
    <subfield code="p">000017970</subfield>
    <subfield code="r">2025-07-15 00:00:00</subfield>
    <subfield code="y">BB</subfield>
    <subfield code="z">&#x645;&#x633;&#x631;&#x62D;&#x64A;&#x627;&#x62A; &#x645;&#x635;&#x631;&#x64A;&#x629; 21</subfield>
  </datafield>
  <datafield tag="952" ind1=" " ind2=" ">
    <subfield code="0">0</subfield>
    <subfield code="1">0</subfield>
    <subfield code="2">ddc</subfield>
    <subfield code="4">0</subfield>
    <subfield code="7">0</subfield>
    <subfield code="8">Alef-Baa</subfield>
    <subfield code="a">MAIN</subfield>
    <subfield code="b">MAIN</subfield>
    <subfield code="c">2ND</subfield>
    <subfield code="d">2009-08-25</subfield>
    <subfield code="o">892.720080962 &#x645; &#x633; &#x631;</subfield>
    <subfield code="p">000017967</subfield>
    <subfield code="r">2025-07-15 00:00:00</subfield>
    <subfield code="s">2018-10-31</subfield>
    <subfield code="y">BB</subfield>
    <subfield code="z">&#x645;&#x633;&#x631;&#x62D;&#x64A;&#x627;&#x62A; &#x645;&#x635;&#x631;&#x64A;&#x629; 20</subfield>
  </datafield>
  <datafield tag="952" ind1=" " ind2=" ">
    <subfield code="0">0</subfield>
    <subfield code="1">0</subfield>
    <subfield code="2">ddc</subfield>
    <subfield code="4">0</subfield>
    <subfield code="7">0</subfield>
    <subfield code="8">Alef-Baa</subfield>
    <subfield code="a">MAIN</subfield>
    <subfield code="b">MAIN</subfield>
    <subfield code="c">2ND</subfield>
    <subfield code="d">2009-08-25</subfield>
    <subfield code="o">892.720080962 &#x645; &#x633; &#x631;</subfield>
    <subfield code="p">000017916</subfield>
    <subfield code="r">2025-07-15 00:00:00</subfield>
    <subfield code="s">2018-10-31</subfield>
    <subfield code="y">BB</subfield>
    <subfield code="z">&#x645;&#x633;&#x631;&#x62D;&#x64A;&#x627;&#x62A; &#x645;&#x635;&#x631;&#x64A;&#x629; 23</subfield>
  </datafield>
  <datafield tag="952" ind1=" " ind2=" ">
    <subfield code="0">0</subfield>
    <subfield code="1">0</subfield>
    <subfield code="2">ddc</subfield>
    <subfield code="4">0</subfield>
    <subfield code="7">0</subfield>
    <subfield code="8">Alef-Baa</subfield>
    <subfield code="a">MAIN</subfield>
    <subfield code="b">MAIN</subfield>
    <subfield code="c">2ND</subfield>
    <subfield code="d">2009-09-07</subfield>
    <subfield code="o">892.720080962 &#x645; &#x633; &#x631;</subfield>
    <subfield code="p">000018120</subfield>
    <subfield code="r">2025-07-15 00:00:00</subfield>
    <subfield code="y">BB</subfield>
    <subfield code="z">&#x645;&#x633;&#x631;&#x62D;&#x64A;&#x627;&#x62A; &#x645;&#x635;&#x631;&#x64A;&#x629; 20</subfield>
  </datafield>
  <datafield tag="952" ind1=" " ind2=" ">
    <subfield code="0">0</subfield>
    <subfield code="1">0</subfield>
    <subfield code="2">ddc</subfield>
    <subfield code="4">0</subfield>
    <subfield code="7">0</subfield>
    <subfield code="8">Alef-Baa</subfield>
    <subfield code="a">MAIN</subfield>
    <subfield code="b">MAIN</subfield>
    <subfield code="c">2ND</subfield>
    <subfield code="d">2010-04-26</subfield>
    <subfield code="o">892.720080962 &#x645; &#x633; &#x631;</subfield>
    <subfield code="p">000020733</subfield>
    <subfield code="r">2025-07-15 00:00:00</subfield>
    <subfield code="y">BB</subfield>
    <subfield code="z">&#x645;&#x633;&#x631;&#x62D;&#x64A;&#x627;&#x62A; &#x645;&#x635;&#x631;&#x64A;&#x629; 23</subfield>
  </datafield>
  <datafield tag="952" ind1=" " ind2=" ">
    <subfield code="0">0</subfield>
    <subfield code="1">0</subfield>
    <subfield code="2">ddc</subfield>
    <subfield code="4">0</subfield>
    <subfield code="7">0</subfield>
    <subfield code="8">Alef-Baa</subfield>
    <subfield code="a">MAIN</subfield>
    <subfield code="b">MAIN</subfield>
    <subfield code="c">2ND</subfield>
    <subfield code="d">2010-06-15</subfield>
    <subfield code="o">892.720080962 &#x645; &#x633; &#x631;</subfield>
    <subfield code="p">000020398</subfield>
    <subfield code="r">2025-07-15 00:00:00</subfield>
    <subfield code="s">2011-02-27</subfield>
    <subfield code="y">BB</subfield>
    <subfield code="z">&#x645;&#x633;&#x631;&#x62D;&#x64A;&#x627;&#x62A; &#x645;&#x635;&#x631;&#x64A;&#x629; 23</subfield>
  </datafield>
  <datafield tag="952" ind1=" " ind2=" ">
    <subfield code="0">0</subfield>
    <subfield code="1">0</subfield>
    <subfield code="2">ddc</subfield>
    <subfield code="4">0</subfield>
    <subfield code="7">0</subfield>
    <subfield code="8">Alef-Baa</subfield>
    <subfield code="a">MAIN</subfield>
    <subfield code="b">MAIN</subfield>
    <subfield code="c">2ND</subfield>
    <subfield code="d">2010-06-15</subfield>
    <subfield code="o">892.720080962 &#x645; &#x633; &#x631;</subfield>
    <subfield code="p">000020394</subfield>
    <subfield code="r">2025-07-15 00:00:00</subfield>
    <subfield code="y">BB</subfield>
    <subfield code="z">&#x645;&#x633;&#x631;&#x62D;&#x64A;&#x627;&#x62A; &#x645;&#x635;&#x631;&#x64A;&#x629; 23</subfield>
  </datafield>
</record>
